Business law / (Record no. 4154)
[ view plain ]
| 000 -LEADER | |
|---|---|
| fixed length control field | 00929nac a22002291u 4500 |
| 010 ## - LIBRARY OF CONGRESS CONTROL NUMBER | |
| LC control number | 2004268980 |
| 082 00 - DEWEY DECIMAL CLASSIFICATION NUMBER | |
| Classification number | 658.45 |
| Item number | M238 |
| 090 ## - LOCALLY ASSIGNED LC-TYPE CALL NUMBER (OCLC); LOCAL CALL NUMBER (OCLC) | |
| -- | 4154 |
| -- | 4154 |
| 100 ## - MAIN ENTRY--PERSONAL NAME | |
| Personal name | Malash, Farouk. |
| 245 00 - TITLE STATEMENT | |
| Title | Business law / |
| Statement of responsibility, etc | Farouk Malash. |
| 250 ## - EDITION STATEMENT | |
| Edition statement | 2nd ed. |
| 260 ## - PUBLICATION, DISTRIBUTION, ETC. (IMPRINT) | |
| Place of publication, distribution, etc | Egypt; |
| -- | Alexandria : |
| Name of publisher, distributor, etc | El-Shenhapy, |
| Date of publication, distribution, etc | C.1999. |
| 300 ## - PHYSICAL DESCRIPTION | |
| Extent | 191 p. : |
| Other physical details | forms ; |
| Dimensions | 22 cm. |
| 500 ## - GENERAL NOTE | |
| General note | Some texts In arabic. |
| 500 ## - GENERAL NOTE | |
| General note | Includes index. |
| 650 #0 - SUBJECT ADDED ENTRY--TOPICAL TERM | |
| Topical term or geographic name as entry element | Business. |
| 856 42 - ELECTRONIC LOCATION AND ACCESS | |
| Materials specified | Publisher description |
| Uniform Resource Identifier | <a href="http://www.loc.gov/catdir/enhancements/fy0620/2004268980-d.html">http://www.loc.gov/catdir/enhancements/fy0620/2004268980-d.html</a> |
| 856 42 - ELECTRONIC LOCATION AND ACCESS | |
| Uniform Resource Identifier | <a href="http://www.loc.gov/catdir/enhancements/fy0620/2004268980-t.html">http://www.loc.gov/catdir/enhancements/fy0620/2004268980-t.html</a> |
| 856 42 - ELECTRONIC LOCATION AND ACCESS | |
| Materials specified | Contributor biographical information |
| Uniform Resource Identifier | <a href="http://www.loc.gov/catdir/enhancements/fy0723/2004268980-b.html">http://www.loc.gov/catdir/enhancements/fy0723/2004268980-b.html</a> |
| 942 ## - ADDED ENTRY ELEMENTS (KOHA) | |
| Item type | Book - Borrowing |
| Call number prefix | 658.45M238 |
| Withdrawn status | Item status | Damaged status | Not for loan | Home library | Current library | Shelving location | Date acquired | Source of acquisition | Total Checkouts | Total Renewals | Full call number | Barcode | Date last seen | Date last borrowed | Koha item type |
|---|---|---|---|---|---|---|---|---|---|---|---|---|---|---|---|
| Central Library | Central Library | First floor | 23/08/2007 | Purchase | 6 | 11 | 658.45 MAL | 000005226 | 15/07/2025 | 07/03/2020 | Book - Borrowing |